000 01362nam a22002657a 4500
003 OSt
005 20210106151115.0
008 210106s1994 ck a|||gr|||| 00| 0 spa d
020 _a9789583004193
040 _aCO-JMCR
_cCO-JMCR
041 0 _aspa
082 0 4 _a577 /
_bO611o
_223
100 1 _aOparin, Alexandr Ivanovich,
_eautor
_912729
245 1 3 _aEl origen de la vida /
_cAlexandr Ivanovich Oparin
260 _aBogotá :
_bPanamericana,
_c1994
300 _a130 páginas :
_bilustraciones a blanco y negro ;
_c20 cm.
490 _aEnsayos
505 0 _aLa lucha del materialismo contra el idealismo y la religión en torno al apasionante y discutido problema del origen de la vida -- Origen primitivo de las sustancias orgánicas más simples: los hidrocarburos y sus derivados -- Origen de las proteínas primitivas -- Origen de las primitivas formaciones coloidales -- Organización del protoplasma vivo -- Origen de los organismos primitivos
520 0 _aA diferencia de Darwin, de cuya teoría se había nutrido desde muy joven, Oparin consideraba difícil que un organismo se constituyera solo a partir de dióxido de carbono, nitrógeno y agua.
650 2 4 _aVida
_xOrigen
_912730
650 2 4 _aMateria
_xPropiedades
_912731
650 2 4 _aQuímica
_xfísica y teórica
_912732
650 2 4 _aEvolución molecular
_912733
942 _2ddc
_cBK
999 _c7055
_d7055